000 00681nam a2200253Ia 4500
008 200601s9999 xx 000 0 und d
020 _a981-261-253
050 _aREF F 2510
050 _b.P64 2006
100 _aPoelzl, Volker.
245 0 _aCultureshock! :
245 0 _bBrazil /
245 0 _cVolker Poelzl.
260 _aSingapore :
260 _bMarshall Cavendish Editions,
260 _c2006
300 _a324 pages :
300 _billustrations (some color) ;
300 _c22 cm.
440 _aCultureshock!
500 _aIncludes bibliographical references and index.
650 _aEtiquette -- Brazil
650 _xBrazil -- Social life and customs.
999 _c363322
_d363322